Financie a úver pre 2. ročník ekonomických škôl /

Hlavní autor: Maurer, Josef
Další autoři: Krupička, Slavomír, Jindra, Vladimír
Jazyk: Slovenština
Vydáno: Bratislava : Slovenské pedagogické nakladateľstvo, 1970
Vydání: 4. preprac. vyd.
Fyzický popis: 126 s.
Knihy
Uloženo v:
LEADER 00809nam a2200229 a 4500
001 000620257
003 CZ BrMZK
005 20020905112921.0
007 ta
008 020901s1970 xo f slo d
040 |a BOA001  |b cze  |c BOA001 
041 1 |a slo  |h cze 
100 1 |a Maurer, Josef  |7 jk01080915  |4 aut 
245 1 0 |a Financie a úver pre 2. ročník ekonomických škôl /  |c Josef Maurer, Vladimír Jindra, Slavomír Krupička 
250 |a 4. preprac. vyd. 
260 |a Bratislava :  |b Slovenské pedagogické nakladateľstvo,  |c 1970 
300 |a 126 s. 
700 1 |a Krupička, Slavomír  |7 jx20050718025  |4 aut 
700 1 |a Jindra, Vladimír  |7 jx20031124083  |4 aut 
910 |a BOA001  |b 4-0489.388-70 
990 |a BK 
996 6 |b BC-46890  |c 4-0489.388-70  |l MZK  |r Sklad / do 24 hodin  |n 0  |w 000620257  |u 000010  |a 1  |e BOA001  |j MZK50  |s P